A német nemzetiségi örökségek szerepe a turizmusban a Dél-Dunántúlon

Bibliográfiai részletek
Szerző: Erb Anna
További közreműködők: Schultz Dr. Éva
Dokumentumtípus: Diplomadolgozat
Kulcsszavak:Dél-Dunántúl
kulturális örökség
kultúra
nemzetiségek
német nemzetiség
Online Access:http://dolgozattar.uni-bge.hu/59450

MARC

LEADER 00000nta a2200000 i 4500
001 dolg59450
005 20260409145055.0
008 260409suuuu hu om 000 hun d
040 |a BGE Dolgozattár Repozitórium  |b hun 
041 |a hu 
100 1 |a Erb Anna 
245 1 2 |a A német nemzetiségi örökségek szerepe a turizmusban a Dél-Dunántúlon  |c Erb Anna  |h [elektronikus dokumentum] 
520 3 |a A szakdolgozat a dél-dunántúli régió német nemzetiségi örökségének turizmusban való megjelenését vizsgálja. A kutatás középpontjában a hagyományőrző rendezvények, tájházak, tanösvények és gasztronómiai programok állnak, melyek mind hozzájárulnak a térség kulturális vonzerejéhez. A dolgozat célja, hogy átfogó képet adjon a német nemzetiségi értékek turisztikai jelentőségéről, működéséről, valamint megőrzésük és továbbadásuk lehetőségeiről. A kutatás kitér arra is, hogy a helyi közösségek milyen módszerekkel és eszközökkel törekednek a hagyományok életben tartására, és milyen kihívásokkal szembesülnek ezalatt. 
695 |a Dél-Dunántúl 
695 |a kulturális örökség 
695 |a kultúra 
695 |a nemzetiségek 
695 |a német nemzetiség 
700 1 |a Schultz Dr. Éva  |e ths 
856 4 0 |u http://dolgozattar.uni-bge.hu/59450/1/Szakdolgozat%20Erb%20Anna.pdf  |z Dokumentum-elérés 
856 4 0 |u http://dolgozattar.uni-bge.hu/59450/2/Erb%20Anna_opponensi_Kubesch%20M%C3%A1ria.pdf  |z Dokumentum-elérés 
856 4 0 |u http://dolgozattar.uni-bge.hu/59450/3/Erb%20Anna_konzulensi_Schultz%20%C3%89va.pdf  |z Dokumentum-elérés